Marginal punched cards in college and research libraries.

Bibliographic Details
Main Author: McGaw, Howard F., 1911-
Format: Book
Language:English
Published: Washington : Scarecrow Press, 1952.
Subjects:

MARC

Tag First Indicator Second Indicator Subfields
LEADER 00000cam a2200000 4500
001 in00000061898
005 20151008051101.0
008 770617s1952 xx 00000 eng
010 |a  52007846  
035 |a (OCoLC)03050932 
035 |9 AAG5607AM 
040 |a DLC  |c OCP  |d TXA  |d UtOrBLW 
049 |a TXAM  |c [209839] 
050 0 |a Z715  |b .M3 
082 0 |a 025.078 
092 |a 025.078  |b M145m 
100 1 |a McGaw, Howard F.,  |d 1911- 
245 1 0 |a Marginal punched cards in college and research libraries. 
264 1 |a Washington :  |b Scarecrow Press,  |c 1952. 
300 |a 218 pages :  |b illustrations ;  |c 23 cm. 
336 |a text  |b txt  |2 rdacontent 
337 |a unmediated  |b n  |2 rdamedia 
338 |a volume  |b nc  |2 rdacarrier 
504 |a Bibliography: pages 203-208. 
650 0 |a Punched card systems  |x Libraries. 
650 0 |a Academic libraries. 
999 |a MARS 
999 f f |s b0ac9ae3-397c-3fdf-b9b7-21d88f8d8c49  |i a79e61d4-ed3e-38b8-8acb-1af4cbb262d3  |t 0 
952 f f |p ric  |a Texas A&M University  |b Rellis Campus  |c Joint Library Facility  |d Remote Storage  |t 0  |e Z715 .M3  |h Library of Congress classification  |i unmediated -- volume  |m A14826689293 
998 f f |a Z715 .M3  |t 0  |l Remote Storage